000 00508nam a22001697a 4500
003 MPLRDC
005 20220104144007.0
008 210129b ||||| |||| 00| 0 eng d
082 _a524.9231 DZ 1987-1992
100 _a董总出版组编辑
245 _a马来西亚文: 历届试题集 (第二辑)
_c
260 _a
_b马来西亚华校董事联合
_c1993
300 _b
490 _a马来西亚华文独中高中统考
650 _a中等教育--自修用书
942 _cBK
_o524.9231 DZ 1987-1992
999 _c45347
_d45337